Online katalóg knižníc regiónu Turca

Žltá kniha rozprávok (Record no. 21949)

MARC details
000 -LEADER
fixed length control field 01940cam a2200493 4500
001 - CONTROL NUMBER
control field 21949
003 - CONTROL NUMBER IDENTIFIER
control field VRT
005 - DATE AND TIME OF LATEST TRANSACTION
control field 20260316113503.0
008 - FIXED-LENGTH DATA ELEMENTS--GENERAL INFORMATION
fixed length control field 200507s2019 xr af br 000 j slo
015 ## - NATIONAL BIBLIOGRAPHY NUMBER
National bibliography number SNBZSA2019/12
020 ## - INTERNATIONAL STANDARD BOOK NUMBER
International Standard Book Number 9788025510025
Qualifying information (brožované)
035 ## - SYSTEM CONTROL NUMBER
System control number urn:nbn:sk:snk-am00dxd1
035 ## - SYSTEM CONTROL NUMBER
System control number urn:nbn:sk:snk-am3i8gh
035 ## - SYSTEM CONTROL NUMBER
System control number 140730BF-D167-4A01-917E-E2C8D61A6958
039 #9 - LEVEL OF BIBLIOGRAPHIC CONTROL AND CODING DETAIL [OBSOLETE]
Level of rules in bibliographic description 202005070809
Level of effort used to assign nonsubject heading access points VLOAD
Level of effort used to assign subject headings 201912191027
Level of effort used to assign classification AUTHORITY
Level of effort used to assign subject headings 201912181135
Level of effort used to assign classification AUTHORITY
Level of effort used to assign subject headings 201912181041
Level of effort used to assign classification msnk159
040 ## - CATALOGING SOURCE
Original cataloging agency SNK
Language of cataloging slo
Transcribing agency SNK
Description conventions rda
041 1# - LANGUAGE CODE
Language code of text/sound track or separate title slo
Language code of intermediate translations cze
Language code of original ita
044 ## - COUNTRY OF PUBLISHING/PRODUCING ENTITY CODE
MARC country code xr
ISO country code CZ
072 #7 - SUBJECT CATEGORY CODE
Subject category code 821-93
Subject category code subdivision Literatúra pre deti a mládež (beletria)
Source konspekt
080 ## - UNIVERSAL DECIMAL CLASSIFICATION NUMBER
Universal Decimal Classification number (0:82-34)
Edition identifier 2011
080 ## - UNIVERSAL DECIMAL CLASSIFICATION NUMBER
Universal Decimal Classification number 82-93-053.4/.5
Edition identifier 2011
240 10 - UNIFORM TITLE
Uniform title Favole incantate
Language of a work Slovensky
245 10 - TITLE STATEMENT
Title Žltá kniha rozprávok
Statement of responsibility, etc. preklad slovenského vydania: Veronika Dominiak
250 ## - EDITION STATEMENT
Edition statement 2. vydanie
264 #1 - PRODUCTION, PUBLICATION, DISTRIBUTION, MANUFACTURE, AND COPYRIGHT NOTICE
Place of production, publication, distribution, manufacture Praha
Name of producer, publisher, distributor, manufacturer Rebo International CZ spol. s. r. o.
Date of production, publication, distribution, manufacture, or copyright notice 2019
300 ## - PHYSICAL DESCRIPTION
Extent 96 nečíslovaných strán
Other physical details ilustrácie, ilustrované listy
Dimensions 22 cm
336 ## - CONTENT TYPE
Content type term text
Content type code txt
Source rdacontent
336 ## - CONTENT TYPE
Content type term statický obraz
Content type code sti
Source rdacontent
337 ## - MEDIA TYPE
Media type term bez média
Media type code n
Source rdamedia
338 ## - CARRIER TYPE
Carrier type term zväzok
Carrier type code nc
Source rdacarrier
490 1# - SERIES STATEMENT
Series statement Moje prvé čítanie
500 ## - GENERAL NOTE
General note Preložené z českého prekladu talianskeho originálu, z talianskeho originálu Favole Incantate do češtiny preložila Mgr. Květa Valešková, preklad slovenského vydania Veronika Dominiak
500 ## - GENERAL NOTE
General note Názov z obálky
655 #7 - INDEX TERM--GENRE/FORM
Genre/form data or focus term rozprávky
Source of term SNKPH
655 #7 - INDEX TERM--GENRE/FORM
Genre/form data or focus term literatúra pre deti
Source of term SNKPH
655 #7 - INDEX TERM--GENRE/FORM
Genre/form data or focus term Fairy tales
Source of term SNKPH
655 #7 - INDEX TERM--GENRE/FORM
Genre/form data or focus term Children's literature
Source of term SNKPHeng
700 1# - ADDED ENTRY--PERSONAL NAME
Personal name Cernuschi, Claudio,
Dates associated with a name 1969-
Relationship ill
700 1# - ADDED ENTRY--PERSONAL NAME
Personal name Dominiak, Veronika
Relationship trl
700 1# - ADDED ENTRY--PERSONAL NAME
Personal name Valešková, Květa
Relationship trl
830 #0 - SERIES ADDED ENTRY--UNIFORM TITLE
Uniform title Moje prvé čítanie
942 ## - ADDED ENTRY ELEMENTS (KOHA)
Source of classification or shelving scheme Dewey Decimal Classification
Koha item type Krásna literatúra pre deti
Suppress in OPAC No
949 ## - LOCAL PROCESSING INFORMATION (OCLC)
6 17A1372831
a snkSC 184842
b snk2019/16186
o Pemic1-ah/8Int. č. fa – 2/2019
s 6100:20200113
Holdings
Stav vyradenia Strata Poškodenie Spôsob nadobudnutia Domovská knižnica Aktuálna knižnica Dátum nadobudnutia Total checkouts Čiarový kód exemplára Date last seen Typ exemplára
      Dar Obecná knižnica Turčianska Štiavnička Obecná knižnica Turčianska Štiavnička 16.03.2026   4738000394 16.03.2026 Krásna literatúra pre deti
Projekt je podporený Slovenskou asociáciou knižníc
Prevádzkuje Turčianska knižnica Martin 2026